Holiday Quiz

Random Holiday or Popular Quiz

Popular christmas cookies Quiz Stats

Quiz not verified by Sporcle

Challenge
Share
Tweet
Embed
Score 0/8 Timer 05:00
0 Plays Today
helpful hint % Correct
great with sprinklessugar
88%
****** ale+ thing you do with your fingersginger snap
48.9%
small + what you use to make sandwichesshortbread
46.2%
any times a good timechocolate chip
40.8%
breakfast food+dried *****oatmeal raisin
30.4%
haha + something you do when your boredsnickerdoodle
27.7%
hershey kiss in centerpeanut butter blossom
17.4%
jelly on topthumbprints
15.8%

You're not logged in!

Compare scores with friends on all Sporcle quizzes.
Join for Free
OR
Log In

You Might Also Like...

Show Comments

Extras

Top Quizzes Today


Score Distribution

Your Account Isn't Verified!

In order to create a playlist on Sporcle, you need to verify the email address you used during registration. Go to your Sporcle Settings to finish the process.

Report this User

Report this user for behavior that violates our Community Guidelines.

Details: